Módulo, proporciones y composición en la arquitectura califal cordobesa
Uloženo v:
| Hlavní autor: | |
|---|---|
| Médium: | Kniha |
| Jazyk: | španělština |
| Vydáno: |
Madrid
Instituto Diego Velázquez
1953
|
| Témata: | |
| Tagy: |
Přidat tag
Žádné tagy, Buďte první, kdo vytvoří štítek k tomuto záznamu!
|
MARC
| LEADER | 00000nam a2200000 a 4500 | ||
|---|---|---|---|
| 001 | UCO1301 | ||
| 003 | CL-VaPUC | ||
| 008 | 000512e19530000SP |||||||||||||||||spa|d | ||
| 082 | 0 | 4 | |a 723.3 |b CAM |2 21 |
| 100 | 0 | |a Camps Cazorla, Emilio |e author |9 443297 | |
| 245 | 1 | 0 | |a Módulo, proporciones y composición en la arquitectura califal cordobesa |
| 300 | |a 118 p | ||
| 942 | |c BK | ||
| 945 | |d 20000512 00:00:00 |a rherrera | ||
| 260 | |a Madrid |b Instituto Diego Velázquez |c 1953 | ||
| 650 | 0 | |a Arquitectura islámica |9 266680 | |
| 650 | 7 | |a MORISCOS |2 CL-VaPUC |9 268471 | |
| 650 | 7 | |a CALIFATOS |2 CL-VaPUC |9 443111 | |
| 650 | 0 | |a Arcos |9 271658 | |
| 651 | 0 | |a España |9 254926 | |
| 651 | 0 | |a Córdoba |9 267665 | |
| 583 | |a last modification |c 20000512 00:00:00 |k Rodrigo Vera | ||
| 999 | |c 287929 |d 287927 | ||
| 952 | |0 0 |1 0 |4 0 |6 723_300000000000000_CAM_1953 |7 0 |8 X |9 335024 |a BIBHIS |b BIBHIS |d 2019-11-20 |i 1269151 |o 723.3 CAM 1953 |p 1269151 |r 2024-01-30 |w 2019-11-20 |y BK_X |k HIS | ||